Moderní metody a techniky marketingového výzkumu /

Hlavní autor: Kozel, Roman, 1974-
Další autoři: Mynářová, Lenka, Svobodová, Hana, 1956-2011
Jazyk: Čeština
Vydáno: Praha : Grada, 2011
Vydání: 1. vyd.
Edice: Expert (Grada)
Témata:
Externí odkaz: Digitalizovaný dokument
Fyzický popis: 304 s. : il., portréty ; 25 cm
Language note: Anglické resumé
Knihy
Uloženo v:
LEADER 02543nam a2200529 a 4500
001 nkc20112251856
003 CZ PrNK
005 20190701235009.0
007 ta
008 120104s2011 xr ac f 001 0 cze
015 |a cnb002251856 
020 |a 978-80-247-3527-6  |q (váz.) 
035 |a (OCoLC)776506520 
040 |a ABA001  |b cze 
041 0 |a cze  |b eng 
072 7 |a 658  |x Řízení a správa podniku  |2 Konspekt  |9 4 
080 |a 658.8:005.52  |2 MRF 
080 |a (048.8:082)  |2 MRF 
100 1 |a Kozel, Roman,  |d 1974-  |7 mzk2003184989  |4 aut 
245 1 0 |a Moderní metody a techniky marketingového výzkumu /  |c Roman Kozel, Lenka Mynářová, Hana Svobodová 
250 |a 1. vyd. 
260 |a Praha :  |b Grada,  |c 2011 
300 |a 304 s. :  |b il., portréty ;  |c 25 cm 
490 1 |a Expert 
504 |a Obsahuje bibliografii a rejstřík 
546 |a Anglické resumé 
650 0 7 |a marketingový výzkum  |7 ph115230  |2 czenas 
650 0 9 |a marketing research  |2 eczenas 
655 7 |a kolektivní monografie  |7 fd501537  |2 czenas 
655 9 |a collective monographs  |2 eczenas 
700 1 |a Mynářová, Lenka  |7 js20081201008  |4 aut 
700 1 |a Svobodová, Hana,  |d 1956-2011  |7 mzk2003211119  |4 aut 
830 0 |a Expert (Grada)  |0 s 
856 4 1 |u https://www.digitalniknihovna.cz/mzk/uuid/uuid:409c4ad0-9195-11e9-8fdf-005056827e52  |y Digitalizovaný dokument  |x NDK 
910 2 |a BOA001  |b 2-1277.453 
990 |a BK 
995 |a 01 
991 |b 201201  |c NOV  |j 658.7/.8 KOZ  |e n 
996 7 |b 2610496947  |c 2-1277.453  |l Vol.výběr  |r VV 1p  |n 23  |p p.v.  |h 658.7/.8 KOZ  |w 001221071  |u 000010  |a 0  |e BOA001  |j MZK50  |s A 
996 7 |b 2610499696  |c 2-1277.453  |l Vol.výběr  |r VV 1p  |n 70  |p kup  |h 658.7/.8 KOZ  |w 001221071  |u 000020  |a 0  |e BOA001  |j MZK50  |s A 
996 7 |b 2610529513  |c 2-1277.453  |l Vol.výběr  |r VV 1p  |n 63  |p kup  |h 658.7/.8 KOZ  |w 001221071  |u 000030  |a 0  |e BOA001  |j MZK50  |s A 
996 7 |b 2610529514  |c 2-1277.453  |l Vol.výběr  |r VV 1p  |n 51  |p kup  |h 658.7/.8 KOZ  |w 001221071  |u 000040  |a 0  |e BOA001  |j MZK50  |s A 
996 7 |b 2610530901  |c 2-1277.453  |l Vol.výběr  |r VV 1p  |n 59  |p kup  |h 658.7/.8 KOZ  |w 001221071  |u 000050  |a 0  |e BOA001  |j MZK50  |s A 
996 6 |b 2610570394  |c 2-1277.453  |l MZK  |r Sklad / do 1 hodiny  |n 70  |p kup  |w 001221071  |u 000060  |a 1  |e BOA001  |j MZK50  |s P 
996 6 |b 2610570395  |c 2-1277.453  |l MZK  |r HSS 4p  |n 0  |p kup  |h 658.7/.8 KOZ  |w 001221071  |u 000070  |a 0  |e BOA001  |j MZK50  |s P 
996 7 |b 2610570396  |c 2-1277.453  |l Vol.výběr  |r VV 1p  |n 55  |p kup  |h 658.7/.8 KOZ  |w 001221071  |u 000080  |a 0  |e BOA001  |j MZK50  |s A 
996 7 |b 2610654824  |c 2-1277.453  |l Vol.výběr  |r VV 1p  |n 38  |p kup  |h 658.7/.8 KOZ  |w 001221071  |u 000090  |a 0  |e BOA001  |j MZK50  |s A